Leasehold valuation tribunals and managers of flats (Record no. 62332)

MARC details
000 -LEADER
fixed length control field 00998cam a2200229 4500
001 - CONTROL NUMBER
control field ABS61809
008 - FIXED-LENGTH DATA ELEMENTS--GENERAL INFORMATION
fixed length control field 000000n1999 000 0 eng u
035 ## - SYSTEM CONTROL NUMBER
System control number (Sirsi) u103801
100 ## - MAIN ENTRY--PERSONAL NAME
Personal name Biles, M.
245 ## - TITLE STATEMENT
Title Leasehold valuation tribunals and managers of flats
260 ## - PUBLICATION, DISTRIBUTION, ETC.
Date of publication, distribution, etc. 1999
490 ## - SERIES STATEMENT
Series statement The Conveyancer
Volume/sequential designation (63) November/December 1999, 472-492(11)
520 ## - SUMMARY, ETC.
Summary, etc. Aimed at leaseholders, their advisors and even LVT Panels, this articles attempts to clarify the procedures relating to appointing managers of blocks of flats under the Landlord and Tenant Act 1987. Looks at the nature, purpose and consequences of the appointment of managers of blocks of flats and the scope and extent of their powers, rights and functions.
590 ## - LOCAL NOTE (RLIN)
Local note ABS
650 ## - SUBJECT ADDED ENTRY--TOPICAL TERM
Topical term or geographic name entry element BLOCKS OF FLATS
650 ## - SUBJECT ADDED ENTRY--TOPICAL TERM
Topical term or geographic name entry element LANDLORD AND TENANT ACT 1987
650 ## - SUBJECT ADDED ENTRY--TOPICAL TERM
Topical term or geographic name entry element HOUSING ACT 1996
650 ## - SUBJECT ADDED ENTRY--TOPICAL TERM
Topical term or geographic name entry element LEASEHOLD VALUATION TRIBUNALS
650 ## - SUBJECT ADDED ENTRY--TOPICAL TERM
Topical term or geographic name entry element RECEIVERS
690 ## - LOCAL SUBJECT ADDED ENTRY--TOPICAL TERM (OCLC, RLIN)
Topical term or geographic name as entry element LANDLORD AND TENANT-LEASEHOLD REFORM
942 ## - ADDED ENTRY ELEMENTS (KOHA)
Suppress in OPAC 0
Holdings
Withdrawn status Lost status Source of classification or shelving scheme Damaged status Not for loan Home library Current library Shelving location Date acquired Total Checkouts Full call number Barcode Date last seen Copy number Price effective from Koha item type
    Dewey Decimal Classification     London London Journal article 27/01/2000   ABS61809 103801-1001 06/08/2019 1 06/08/2019 Journal article